Dark-Hunter Books - Statistics

General Stats
  • This quiz has been taken 3 times
  • The average score is 19 of 32
Answer Stats
Sub-Series Lead Couple Book Title % Correct
Dark-Hunter Acheron and Tory Acheron
100%
Dark-Hunter Zarek and Astrid Dance with the Devil
100%
Dark-Hunter Sin and Katra Devil May Cry
100%
Were-Hunter Sebastian and Channon Dragonswan
100%
Dream-Hunter Jericho and Delphine Dream Warrior
100%
Dark-Hunter Talon and Sunshine Night Embrace
100%
Dark-Hunter Julian and Grace Night Pleasures
100%
Dark-Hunter/Dream-Hunter/Hellchasers Xander and Brynna Queen of All Shadows
100%
Dark-Hunter/Were-Hunter/Lords of Avalon Savitar and TBA Savitar
100%
Dark-Hunter Valerius and Tabitha Seize the Night
100%
Dark-Hunter/Were-Hunter/Lords of Avalon Urian and Xyn Stygian
100%
Dark-Hunter Styxx and Bethany Styxx
100%
Dream-Hunter Arik and Geary The Dream-Hunter
100%
Were-Hunter Ravyn and Susan Dark Side of the Moon
50%
Were-Hunters/Lords of Avalon Falcyn and Medea Dragonsworn
50%
Dream-Hunter Xypher and Simone Dream Chaser
50%
Were-Hunter Vane and Bride Night Play
50%
Dark-Hunter Stryker and Zephyra One Silent Night
50%
Dark-Hunter Sundown and Abigail Retribution
50%
Dark-Hunter Alexion and Danger Sins of the Night
50%
Dream-Hunter/Hellchaser/Were-Hunter Seth and Lydia The Guardian
50%
Dark-Hunter Ren and Kateri Time Untime
50%
Were-Hunter Wren and Maggie Unleash the Night
50%
Dream-Hunter Aiden and Leta Upon the Midnight Clear
50%
Were-Hunter Fang and Aimee Bad Moon Rising
0%
Were-Hunters/Hellchasers/Lords of Avalon Maxis and Seraphina Dragonbane
0%
Were-Hunters/Lords of Avalon Illarion and Edilyn Dragonmark
0%
Dark-Hunter Wulf and Cassandra Kiss of the Night
0%
Dark-Hunter/Were-Hunter Dev and Samia No Mercy
0%
Dark-Hunter/Were-Hunter/Lords of Avalon Jaden and TBA Sahdows Within
0%
Dream-Hunter Valteri and Ariel Shadow Fallen
0%
Hellchasers/Lords of Avalon Cadegan and Jo Son of No One
0%
No matching quizzes found
Score Distribution
Percent of People with Each Score
Percentile by Number Answered
Your Score History
You have not taken this quiz